000 00641nam a2200181 a 4500
008 120416s1981 ||||||||||||||||| || u
020 _a056602232x
050 _aTA 190 Mar
100 _aMarsh, P. D. V
245 1 0 _aConstructing for engineering and construction projects. (2nd ed.)
250 _a2nd ed.
260 _aAldershot, [Hants]
_bGower
_c1981
300 _aviii, 257p. : ill.
350 _a0.00
650 0 _aCONSTRUCTION CONTRACTS
650 _aENGINEERING CONTRACTS
995 _D0.00
_FCBU-MAIN LIBRARY (Kitwe)
_H1
_I21.45
_M1
_UAVAILABLE
_ZAnnex Low-Usage Collection
999 _c38508
_d38508